[Event "RUS-ch Blitz"]
[Site "Sochi"]
[Date "2022.10.14"]
[Round "13"]
[White "Khubukshanov, Erdem"]
[Black "Turov, Maxim"]
[Result "0-1"]
[WhiteElo "2371"]
[BlackElo "2565"]
[PlyCount "98"]
[EventDate "2022.10.14"]
[EventType "swiss (blitz)"]
[EventRounds "13"]
[EventCountry "RUS"]
[SourceTitle "CBM 210 Extra"]
[Source "ChessBase"]
[SourceDate "2022.11.30"]
[SourceVersion "1"]
[SourceVersionDate "2022.11.30"]
[SourceQuality "1"]

1. e4 c6 2. d4 d5 3. e5 Bf5 4. h4 Qc7 5. g4 Bd7 6. Nc3 e6 7. Be3 c5 8. Nf3 cxd4 9. Bxd4 Nc6 10. Nb5 Qb8 11. c4 Nxd4 12. Qxd4 Bxb5 13. cxb5 Qc7 14. Bd3 Bc5 15. Qa4 Bb6 16. 0-0 Rc8 17. Qf4 Ne7 18. h5 h6 19. Rac1 Qd8 20. Kg2 Rxc1 21. Rxc1 Rf8 22. a4 f6 23. b4 Bc7 24. b6 axb6 25. Qe3 fxe5 26. Nxe5 Qd6 27. f4 Kd8 28. Qd4 Nc6 29. Rxc6 bxc6 30. Bg6 Kc8 31. Nd3 Rf6 32. a5 bxa5 33. bxa5 Rxf4 34. Nxf4 Qxf4 35. Qxg7 Qxg4+ 36. Kf1 Qf3+ 37. Kg1 Qe3+ 38. Kg2 Qe2+ 39. Kg1 Qe3+ 40. Kg2 Bxa5 41. Qh8+ Kb7 42. Qb2+ Bb6 43. Qg7+ Bc7 44. Qb2+ Qb6 45. Qd2 e5 46. Qxh6 Qb2+ 47. Kh3 Qc3+ 48. Kg4 e4 49. Qf8 Qg3+ 0-1

[Event "RUS-ch Blitz"]
[Site "Sochi"]
[Date "2022.10.14"]
[Round "10"]
[White "Turov, Maxim"]
[Black "Babanin, Gleb"]
[Result "1/2-1/2"]
[WhiteElo "2565"]
[BlackElo "2131"]
[PlyCount "113"]
[EventDate "2022.10.14"]
[EventType "swiss (blitz)"]
[EventRounds "13"]
[EventCountry "RUS"]
[SourceTitle "CBM 210 Extra"]
[Source "ChessBase"]
[SourceDate "2022.11.30"]
[SourceVersion "1"]
[SourceVersionDate "2022.11.30"]
[SourceQuality "1"]

1. e4 e5 2. Nf3 Nc6 3. d4 exd4 4. Bc4 Nf6 5. e5 d5 6. Bb5 Nd7 7. 0-0 Be7 8. Bxc6 bxc6 9. Nxd4 Nxe5 10. Re1 Qd6 11. Bf4 f6 12. Qh5+ g6 13. Bxe5 fxe5 14. Qxe5 Qxe5 15. Rxe5 Kf7 16. c3 Bd6 17. Re3 Bd7 18. Nd2 c5 19. N4f3 Rhe8 20. Rae1 Rxe3 21. Rxe3 Rb8 22. b3 Re8 23. Rxe8 Kxe8 24. Kf1 Ke7 25. Ke2 Kf6 26. Ke3 g5 27. h3 Bf4+ 28. Ke2 Bf5 29. Ne1 Be5 30. c4 c6 31. Nd3 Bd6 32. Ke3 h5 33. Ke2 a5 34. Ke3 Be6 35. Ke2 a4 36. Ke3 axb3 37. axb3 Bf5 38. Ke2 g4 39. hxg4 hxg4 40. Nf1 Be4 41. f3 gxf3+ 42. gxf3 Bg6 43. Ne3 Ke6 44. Ng2 Bf7 45. Ngf4+ Kd7 46. Ke3 Kc7 47. Ke2 Kb6 48. Ng2 Ka5 49. Ne3 Bg8 50. Nf5 Bf8 51. Ne3 Kb6 52. f4 Bh6 53. f5 Bxe3 54. Kxe3 dxc4 55. bxc4 Bxc4 56. Ne5 Bd5 57. f6 1/2-1/2

[Event "RUS-ch Blitz"]
[Site "Sochi"]
[Date "2022.10.14"]
[Round "12"]
[White "Turov, Maxim"]
[Black "Chigaev, Maksim"]
[Result "0-1"]
[WhiteElo "2565"]
[BlackElo "2637"]
[PlyCount "43"]
[EventDate "2022.10.14"]
[EventType "swiss (blitz)"]
[EventRounds "13"]
[EventCountry "RUS"]
[SourceTitle "CBM 210 Extra"]
[Source "ChessBase"]
[SourceDate "2022.11.30"]
[SourceVersion "1"]
[SourceVersionDate "2022.11.30"]
[SourceQuality "1"]

1. e4 c5 2. Nc3 d6 3. d4 cxd4 4. Qxd4 Nc6 5. Qd2 g6 6. b3 Bh6 7. f4 Nf6 8. Bb2 e5 9. g3 exf4 10. gxf4 Nh5 11. Nd5 0-0 12. 0-0-0 Be6 13. Ne2 Qh4 14. Kb1 Bxd5 15. exd5 Ne5 16. Qd4 Nxf4 17. Bc1 Nf3 18. Qe4 Nxe2 19. Qxe2 Bxc1 20. Rxc1 Ne5 21. Qd2 a6 22. Rg1 0-1

[Event "RUS-ch Blitz"]
[Site "Sochi"]
[Date "2022.10.14"]
[Round "6"]
[White "Turov, Maxim"]
[Black "Kavyev, Ruslan"]
[Result "1/2-1/2"]
[WhiteElo "2565"]
[BlackElo "2329"]
[PlyCount "82"]
[EventDate "2022.10.14"]
[EventType "swiss (blitz)"]
[EventRounds "13"]
[EventCountry "RUS"]
[SourceTitle "CBM 210 Extra"]
[Source "ChessBase"]
[SourceDate "2022.11.30"]
[SourceVersion "1"]
[SourceVersionDate "2022.11.30"]
[SourceQuality "1"]

1. e4 d5 2. exd5 Nf6 3. Bb5+ Bd7 4. Be2 Nxd5 5. d4 Bf5 6. Nf3 e6 7. 0-0 Be7 8. a3 c6 9. c4 Nf6 10. h3 h6 11. Be3 Nbd7 12. Nc3 0-0 13. Qb3 Qb6 14. Qxb6 Nxb6 15. Rfd1 Rfd8 16. Rac1 Ne4 17. Nxe4 Bxe4 18. Ne5 Na4 19. Bd3 Bxd3 20. Nxd3 Nb6 21. Nc5 Bxc5 22. dxc5 Nd7 23. b4 Kf8 24. Bf4 e5 25. Bg3 f6 26. f4 Ke7 27. Kf2 a5 28. Re1 axb4 29. axb4 Ra2+ 30. Kf1 Rd2 31. fxe5 Nxe5 32. Bxe5 fxe5 33. Rxe5+ Kf6 34. Re2 R8d4 35. Ke1 Rxe2+ 36. Kxe2 Ke5 37. Rc3 g5 38. Re3+ Kf6 39. Rf3+ Ke6 40. Re3+ Kf6 41. Rf3+ Ke5 1/2-1/2

[Event "Tuapse Blitz op"]
[Site "Tuapse"]
[Date "2022.06.29"]
[Round "6"]
[White "Lugovskoy, Maxim"]
[Black "Turov, Maxim"]
[Result "1/2-1/2"]
[WhiteElo "2397"]
[BlackElo "2565"]
[PlyCount "29"]
[EventDate "2022.06.29"]
[EventType "swiss (blitz)"]
[EventRounds "13"]
[EventCountry "RUS"]
[SourceTitle "CBM 209 Extra"]
[Source "ChessBase"]
[SourceDate "2022.09.30"]
[SourceVersion "1"]
[SourceVersionDate "2022.09.30"]
[SourceQuality "1"]

1. e4 c6 2. d4 d5 3. Nc3 dxe4 4. Nxe4 Bf5 5. Ng3 Bg6 6. Nh3 Nf6 7. Nf4 e5 8. Nxg6 hxg6 9. dxe5 Qa5+ 10. c3 Qxe5+ 11. Be2 Nbd7 12. Be3 Bc5 13. Bxc5 Nxc5 14. 0-0 0-0 15. Bf3 1/2-1/2